Pobreza extrema y pueblos indígenas: una mirada retrospectiva /
El presente trabajo tiene por objetivo realizar un primer acercamiento a la situación de pobreza en la cual se encuentran inmersos los pueblos indígenas de América Latina. El abordaje, a través de una mirada retrospectiva, hará hincapié en los procesos socio-históricos y económicos en los cuales pod...
Збережено в:
| Автор: | |
|---|---|
| Формат: | Текст |
| Предмети: | |
| Теги: |
Додати тег
Немає тегів, Будьте першим, хто поставить тег для цього запису!
|
MARC
| LEADER | 00000 a a2200000 04500 | ||
|---|---|---|---|
| 001 | 16047 | ||
| 003 | |||
| 040 | |||
| 100 | |a Rio, Paula del | ||
| 245 | |a Pobreza extrema y pueblos indígenas: |b una mirada retrospectiva / |c Paula del Rio | ||
| 520 | |a El presente trabajo tiene por objetivo realizar un primer acercamiento a la situación de pobreza en la cual se encuentran inmersos los pueblos indígenas de América Latina. El abordaje, a través de una mirada retrospectiva, hará hincapié en los procesos socio-históricos y económicos en los cuales podemos visualizar las principales causas de la extrema pobreza actual de las comunidades. Se considerarán los procesos colonialistas como ejes para su análisis | ||
| 650 | |a POBLACION INDIGENA | ||
| 650 | |a POBREZA | ||
| 650 | |a AMERICA LATINA | ||
| 773 | |g volumen 14; páginas 89-98 | ||
| 999 | |c 37612 |d 37612 | ||
